| 000 | 01173cam a2200313 a 4500 | ||
|---|---|---|---|
| 001 | 13398103 | ||
| 003 | CEME | ||
| 005 | 20210628201532.0 | ||
| 008 | 031107s2004 nyua b 001 0 eng | ||
| 010 | _a 2003056885 | ||
| 020 | _a047144474X | ||
| 040 |
_aDLC _cDLC _dDLC |
||
| 050 | 0 | 0 |
_aTK7876 _b.C439 2004 |
| 082 | 0 | 0 |
_a621.381/32 _222 |
| 100 | 1 |
_aChang, Kai, _d1948- _955702 |
|
| 245 | 1 | 0 |
_aMicrowave ring circuits and related structures / _cKai Chang, Lung-Hwa Hsieh. |
| 250 | _a2nd ed. | ||
| 260 |
_aHoboken, N.J. : _bJ. Wiley, _cc2004. |
||
| 300 |
_axii, 365 p. : _bill. ; _c25 cm. |
||
| 440 | 0 |
_aWiley series in microwave and optical engineering _955177 |
|
| 504 | _aIncludes bibliographical references and index. | ||
| 650 | 0 |
_aMicrowave circuits. _915110 |
|
| 650 | 0 |
_aMicrowave antennas. _955703 |
|
| 700 | 1 |
_aHsieh, Lung-Hwa. _955704 |
|
| 856 | 4 | 2 |
_3Contributor biographical information _uhttp://www.loc.gov/catdir/bios/wiley046/2003056885.html |
| 856 | 4 | 2 |
_3Publisher description _uhttp://www.loc.gov/catdir/description/wiley041/2003056885.html |
| 856 | 4 | 1 |
_3Table of contents _uhttp://www.loc.gov/catdir/toc/wiley041/2003056885.html |
| 942 |
_2ddc _cBK |
||
| 999 |
_c566442 _d566442 |
||